00566 2200205 4500001002100000005001500021035002000036245008500056100002000141250000600161300003100167700002100198260004800219082001000267084001600277020002200293650001100315990001700326990001700343INLIS00000000000031320181002121804 a0010-10180000031 aSeri Pengetahuan :bKamu Tau Energi /cOkky Ardaya W.S; Editor, Risman Sikumbang0 aOkky Ardaya W.S a- a64 hlm. :bilus. ;c25 cm.0 aRisman Sikumbang aBogor :bYudhistira Ghalia Indonesia,c2008 a531.6 a531.6 OKK s a978-979-019-216-4 aEnergi a01322/P/2018 a01323/P/2018